Súčasný stav liečby alkoholizmu a iných závislostí

Bibliographic Details
Main Author: Kolibáš, Eduard, 1938- (Author)
Format: Article
Language:Slovak
Subjects:

MARC

LEADER 00000nab a2200000 a 4500
001 vtls000369715
003 SK-MaSNL
005 20260304081301.0
008 250424c1989 xo 0 slo
015 |a SNBRB19rr/mm-uuuuu 
035 |a CL0369837 
035 |a urn:nbn:sk:snk-ab6uoi 
035 |a (uuid)04091592-49b1-47bf-8e37-b66c5294306d 
035 |a (urnnbn)urn:nbn:sk:snk:ar-a05zdg 
035 |a (sysno)vtls000369715 
040 |a SNKBUCL  |b slo  |c SNKBUCL  |e AACR2 
041 0 |a slo 
044 |a xo  |c SK 
080 |a 613.81/.83:061.3  |2 1981 
080 |a 061.3  |2 1981 
100 1 |a Kolibáš, Eduard,  |d 1938-  |4 aut  |9 13608 
245 1 0 |a Súčasný stav liečby alkoholizmu a iných závislostí  |c E. Kolibáš 
650 0 7 |a alkoholizmus  |2 snkbucl  |9 14184 
650 0 7 |a drogová závislosť  |2 snkbucl  |9 1551 
651 7 |a Sovietsky zväz  |2 snkbucl  |9 22126 
655 7 |a články z novín a časopisov  |2 snkbucl  |9 267496 
773 0 |t Protialkoholický obzor  |g Roč. 24, č. 6 (1989), s. 378-381 
850 |a Slovenská národná knižnica 
852 |a Slovenská národná knižnica 
954 |a odborná, vedecká literatúra pôvodná (slovenská)  |2 lita 
958 |a article2022 
958 |a RK 
958 |a MI 
958 |a SU 
958 |a OND 
958 |a EUIPO 
992 |a RBX 
999 |c 2790211  |d 2792141